000 00619nam a2200229Ia 4500
005 20260320201932.0
008 008 262003s9999 xx 000 0 eng d
037 _aEBOOK
040 _aCRL
040 _beng
040 _cCRL
041 _2eng
041 _aeng
084 _qCRL
100 _aBeaumont
245 0 _aPower BI Machine Learning and OpenAI: Explore data through business intelligence, predictive analytics, and text generation
260 _bIEEE
856 _uhttps://ieeexplore.ieee.org/servlet/opac?bknumber=10251337
942 _cEBOOK
999 _c1724369
_d1724369